| 000 | 00779nam a2200193Ii 4500 | ||
|---|---|---|---|
| 003 | JO-AjNU | ||
| 008 | 230605s9999||||xx |||||||||||||| ||und|| | ||
| 040 |
_aJO-AjNU _bara _erda _cJO-AjNU |
||
| 041 | _aara | ||
| 050 | 1 | 4 | _aDS39.2.A5212 |
| 100 | 3 |
_aتاليف الدنجتون، ريتشارد ؛ ترجمة محمود عزت موسى ؛ مراجعة محمد أنيس, _eauthor _957115 |
|
| 245 | 0 | 0 | _aلورانس في البلاد العربية |
| 264 | 3 | 1 | _aد.م: د.ن، د.ت |
| 300 | _a452ص | ||
| 336 |
_atext _btxt _2rdacontent |
||
| 337 |
_aunmediated _bn _2rdamedia |
||
| 338 |
_avolume _bnc _2rdacarrier |
||
| 650 | 4 |
_aالعسكريون البريطانيون- تراجم- البلاد العربية- تاريخ- الثورة العربية- لورانس _957116 |
|
| 999 |
_aA25575 _c29143 _d29143 |
||